000 00412nam a2200145Ia 4500
008 230312s9999||||xx |||||||||||||| ||und||
020 _a978-8131222478
082 _a621.3822
_bKEH-D
100 _aKehtarnavaz;Nasser
245 0 _aDigital Signal Processing System Design:LabVIEW-Based Hybrid Programming
260 _bElsevier
_aIndia
_c2013
300 _a325
650 _aEngineering
_vElectrical
942 _cBK
999 _c14240
_d14240